00778nam a22001935i 4500001000700000003000900007005001700016008004100033040002000074100004900094245004700143260004600190300003500236490005000271830005800321852006000379999001900439952012600458167985ES-MaACL20230906213639.0051003s1871 gw | |||||||| ||eng d aCAM bspa cCAM1 aWood, Henry cMistress (d1814-1887)915446010aDene Hollow b: a novel / cby Henry Wood. aLeipzig : bBernhard Tauchnitz, c[1871?] a2 v. (336 ; 351 p.) ; c16 cm.1 aCollection of british authors ; v1181 ; 11820 aCollection of british authors ; v1181 ; 11829180703 aES-MaACLjG-12891 z-- Enc. hol. z-- Enc. 2 t. en 1 v. c167985d167985 001040708LIBXIXaATENEOMbATENEOMcSPP3d2008-01-17eSSCl0oG-12891p1176234r2023-02-23 00:00:00w2023-02-23yMONANT